00911nam a2200193 a 450000100100000000500170001000800410002704000250006811100870009324500880018024600610026826000300032930000280035949000780038750000630046565000670052895201050059599900170070000003629520200930075643.0120112s1991 fr a 100 0 spa d aDO-SdBNPbspacBNPHU0 aCongreso Iberoamericano de Educación Matemátican(1 :d1990 :cSevilla)96242510aMemorias del Primer Congreso Iberoamericano de Educación Matemática :b[actas].13a1er. Congreso Iberoamericano de Educación Matemática aParís :bUNESCO,c1991. a301 p. :bil. ;c30 cm.0 aEnseñanza científica y tecnológica. Colección de documentos ;v42 aCongreso celebrado en Sevilla, 24 al 29 de septiembre 199024aEducación matemáticaxCongresos, conferencias, etc.962426 001050718MOaGRbGRcCTd2012-01-12iLF1l0o p36296-10r2020-06-25w2020-06-25y1ZNo se presta c35786d35786